El Replanteo de la política científica en los países de la OCDE e implicaciones en el desarrollo científico tecnológico en América Latina /
محفوظ في:
| المؤلف الرئيسي: | |
|---|---|
| التنسيق: | نص |
| الوسوم: |
إضافة وسم
لا توجد وسوم, كن أول من يضع وسما على هذه التسجيلة!
|
MARC
| LEADER | 00000 a a2200000 04500 | ||
|---|---|---|---|
| 001 | 10959 | ||
| 003 | |||
| 040 | |||
| 100 | |a Schenkel, Peter | ||
| 245 | |a El Replanteo de la política científica en los países de la OCDE e implicaciones en el desarrollo científico tecnológico en América Latina / |c Peter Schenkel | ||
| 773 | |g número 8 -9; páginas 31-50 | ||
| 999 | |c 38162 |d 38162 | ||
